|
|
|
|
| LEADER |
00000nam0a2200000 4500 |
| 001 |
127765 |
| 005 |
20231031132349.0 |
| 010 |
|
|
|a 9785160020181
|
| 035 |
|
|
|a (RuTPU)RU\TPU\book\138212
|
| 090 |
|
|
|a 127765
|
| 100 |
|
|
|a 20071219d2008 m y0rusy50 ca
|
| 101 |
0 |
|
|a rus
|
| 102 |
|
|
|a RU
|
| 105 |
|
|
|a a j 000zy
|
| 200 |
1 |
|
|a Микроэкономика. Промежуточный уровень
|e учебное пособие
|f А. Н. Чеканский, Н. Л. Фролова
|g Московский государственный университет им. М. В. Ломоносова (МГУ), Экономический факультет
|
| 210 |
|
|
|a Москва
|c Инфра-М
|d 2008
|
| 215 |
|
|
|a 382 с.
|c ил.
|
| 225 |
1 |
|
|a Учебники Экономического факультета МГУ им. М. В. Ломоносова
|
| 330 |
|
|
|a Учебное пособие является сопровождающим для учебника «Микроэкономика: Промежуточный уровень» (М.: ИНФРА-М, 2005), но одновременно может использоваться в изучении курсов микроэкономики, базирующихся на других учебниках. Оно содержит теоретико-методические преамбулы и комплекс тестов и задач по всем темам курса. Задания пособия нацелены как на выработку навыков решения задач, так и на развитие способностей применять аппарат микроэкономики к анализу конкретных ситуаций. В этой связи многие задания представляют собой вопросы открытого типа, ориентирующиеся на анализ экономических последствий мер государственного воздействия. Для студентов и аспирантов экономических вузов и факультетов. Подготовлен при содействии НФПК — Национального фонда подготовки кадров в рамках Программы «Совершенствование преподавания социально-экономических дисциплин в вузах» Инновационного проекта развития образования.
|
| 610 |
1 |
|
|a экономика
|
| 610 |
1 |
|
|a экономическая теория
|
| 610 |
1 |
|
|a микроэкономика
|
| 610 |
1 |
|
|a потребители
|
| 610 |
1 |
|
|a потребительское поведение
|
| 610 |
1 |
|
|a спрос
|
| 610 |
1 |
|
|a полезность
|
| 610 |
1 |
|
|a доходы
|
| 610 |
1 |
|
|a замещение
|
| 610 |
1 |
|
|a выгода
|
| 610 |
1 |
|
|a выявленные предпочтения
|
| 610 |
1 |
|
|a рыночный спрос
|
| 610 |
1 |
|
|a потребительский выбор
|
| 610 |
1 |
|
|a производство
|
| 610 |
1 |
|
|a издержки
|
| 610 |
1 |
|
|a прибыль
|
| 610 |
1 |
|
|a предложение
|
| 610 |
1 |
|
|a конкуренция
|
| 610 |
1 |
|
|a конкурентные фирмы
|
| 610 |
1 |
|
|a совершенная конкуренция
|
| 610 |
1 |
|
|a экономическая эффективность
|
| 610 |
1 |
|
|a монополии
|
| 610 |
1 |
|
|a регулирование
|
| 610 |
1 |
|
|a монополистическая конкуренция
|
| 610 |
1 |
|
|a олигополия
|
| 610 |
1 |
|
|a межвременной выбор
|
| 610 |
1 |
|
|a неопределенность
|
| 610 |
1 |
|
|a факторы производства
|
| 610 |
1 |
|
|a экономическое равновесие
|
| 610 |
1 |
|
|a ценообразование
|
| 610 |
1 |
|
|a общественное благосостояние
|
| 610 |
1 |
|
|a общественные блага
|
| 610 |
1 |
|
|a рынок страхования
|
| 610 |
1 |
|
|a информация
|
| 610 |
1 |
|
|a асимметрия
|
| 610 |
1 |
|
|a учебные пособия
|
| 686 |
|
|
|a У012.1я73
|v LBC/SL-A
|2 rubbk
|
| 700 |
|
1 |
|a Чеканский
|b А. Н.
|g Александр Николаевич
|
| 701 |
|
1 |
|a Фролова
|b Н. Л.
|g Наталья Львовна
|
| 712 |
0 |
2 |
|a Московский государственный университет им. М. В. Ломоносова (МГУ)
|b Экономический факультет
|2 stltpush
|3 (RuTPU)RU\TPU\col\7
|
| 801 |
|
1 |
|a RU
|b 63413507
|c 20071219
|g PSBO
|
| 801 |
|
2 |
|a RU
|b 63413507
|c 20120403
|g PSBO
|
| 900 |
|
|
|a Микроэкономика
|
| 900 |
|
|
|a Поведение потребителей
|
| 942 |
|
|
|c BK
|
| 952 |
|
|
|a 521600
|b 080100
|
| 959 |
|
|
|a 95/20071218
|d 1
|e 159,90
|f ЧЗГЛ:1
|